00615nam a22002177a 450000500170000001000130001702000100003003500130004003700160005304000120006908200130008110000170009424500710011126000290018227000570021130000250026850000330029365000310032665000180035770000220037520170124110021.0 aA-779649 c00.00 aA-779649 bCen Lib/Ret aDPLbEN a887bSES aSeshan, T.N. aThe regeneration of india /cby T.N. Seshan [and] Sanjoy Hazarika  aNew DelhibViking c1995 a210, chirajiv tower, nehru place bNew Delhie110019 axii, 247p.c21cm(Hb) aincludes appendix and index  aEconomic planning zIndia  aRegeneration  aHazarika, Sanjoy